| 000 | 00354nam a2200133Ia 4500 | ||
|---|---|---|---|
| 008 | 240624s9999 xx 000 0 und d | ||
| 041 | _aeng | ||
| 082 | _a332.6 AUB | ||
| 100 | _aAUBREY THOMAS | ||
| 245 | _aPROFITING FROM MONETARY POLICY INVESTING | ||
| 260 |
_c2013 _aNew Delhi _bPan Macmillan |
||
| 300 | _axi, : 215 : p. : cm. ; 23 | ||
| 365 |
_cBPS _b38 |
||
| 999 |
_c28355 _d28355 |
||